Costa Rica violenta: la delincuencia se desborda /
Gardado en:
| Autor Principal: | |
|---|---|
| Formato: | Texto |
| Etiquetas: |
Engadir etiqueta
Sen Etiquetas, Sexa o primeiro en etiquetar este rexistro!
|
MARC
| LEADER | 00000 a a2200000 04500 | ||
|---|---|---|---|
| 001 | 1380 | ||
| 003 | |||
| 040 | |||
| 100 | |a Ramírez, Eduardo | ||
| 245 | |a Costa Rica violenta: |b la delincuencia se desborda / |c Eduardo Ramírez | ||
| 773 | |g número 61; páginas 4-6 | ||
| 999 | |c 25858 |d 25858 | ||
